01434nam a2200181 a 4500020002700000020003000027100002600057245002700083250001200110260003000122300001300152490007000165520081200235856006101047942000701108999001701115952012001132 a013258252X (paperback) a9780132582520 (paperback)1 aJr., Robert E. Owens.10aLanguage development : a4th ed. a[S.l.] :bPearson,c1996. a504 p. ;1 a8th edition) (allyn & bacon communication sciences and disorders. aThis leading and  comprehensive text on language development is rich in information, research, examples, and activities.   A thorough and readable introductory text on language development, this book covers all aspects of the complex subject — including syntax, morphology, semantics, phonology, and pragmatics — while explaining each idea and concept in a way that is easily understandable by even beginning students of the field. Rich in pedagogical aids like discussion questions, chapter objectives, reflections, and main point boxed features, the eighth edition of Language Development also emphasizes culturally and linguistically diverse children and bilingual and dialectical developmental information — a discussion that accurately reflects the diversity of life and language in the Unite uhttp://www.amazon.com/exec/obidos/ASIN/013258252X/chopac cBK c11326d11326 00104070aSLELCbSLELCd2014-10-31g2724.00l1o401.93OWEp38709r2025-10-27 00:00:00s2015-02-16w2014-10-31yBK